书目信息 |
| 题名: |
水利质检机构计量认证准备指南
|
|
| 作者: | 李青山 主编 | |
| 分册: | ||
| 出版信息: | 北京 中国水利水电出版社 2005.07 |
|
| 页数: | 236页 | |
| 开本: | 21cm | |
| 丛书名: | 水利技术监督系列宣贯辅导教材 | |
| 单 册: | ||
| 中图分类: | TV512 | |
| 科图分类: | ||
| 主题词: | 水利工程--shui li gong cheng--质量检验--计量--认证--中国 | |
| 电子资源: | ||
| ISBN: | 7-5084-3079-4 | |
| 000 | 01164nam 2200265 450 | |
| 001 | 012007251517 | |
| 005 | 20070921092246.29 | |
| 010 | @a7-5084-3079-4@dCNY38.00 (含光盘) | |
| 100 | @a20070821d2005 km y0chiy0120 ea | |
| 101 | 0 | @achi |
| 102 | @aCN@b110000 | |
| 105 | @ak a 000yy | |
| 200 | 1 | @a水利质检机构计量认证准备指南@Ashui li zhi jian ji gou ji liang ren zheng zhun bei zhi nan@f李青山主编@Fli qing shan zhu bian |
| 210 | @a北京@c中国水利水电出版社@d2005.07 | |
| 215 | @a236页@d21cm@e光盘1片 | |
| 225 | 2 | @a水利技术监督系列宣贯辅导教材@Ashui li ji shu jian du xi lie xuan guan fu dao jiao cai |
| 307 | @a光盘 ISBN : 7-900165-64-9 | |
| 320 | @a有书目。 | |
| 330 | @a本书共分六章,由质检机构计量认证工作指南和质量体系范本两部分内容构成。第一部分,以计量认证基本知识、质检机构计量认证准备、质量体系的建立与文件化等为主要内容;第二部分,给出了按照评审准则编制的不同类型质检机构适用的质量手册和程序文件范本等。 | |
| 410 | 0 | @12001 @a水利技术监督系列宣贯辅导教材 |
| 606 | 0 | @a水利工程@Ashui li gong cheng@x质量检验@x计量@x认证@y中国 |
| 690 | @aTV512@v4 | |
| 701 | 0 | @a李青山@Ali qing shan@4主编 |
| 801 | 0 | @aCN@c20070921 |
| 905 | @dTV512@eL236 | |
| 水利质检机构计量认证准备指南/李青山主编.-北京:中国水利水电出版社,2005.07 |
| 236页;21cm+光盘1片.-(水利技术监督系列宣贯辅导教材) |
| ISBN 7-5084-3079-4:CNY38.00 (含光盘) |
| 本书共分六章,由质检机构计量认证工作指南和质量体系范本两部分内容构成。第一部分,以计量认证基本知识、质检机构计量认证准备、质量体系的建立与文件化等为主要内容;第二部分,给出了按照评审准则编制的不同类型质检机构适用的质量手册和程序文件范本等。 |
| ● |
| 相关链接 |
|
|
|
正题名:水利质检机构计量认证准备指南
索取号:TV512/L236
 
预约/预借
| 序号 | 登录号 | 条形码 | 馆藏地/架位号 | 状态 | 备注 |
| 1 | 260995 | 202609953 | 自科库501/501自科库 78排1列3层/ [索取号:TV512/L236] | 在馆 | |
| 2 | 260996 | 202609962 | 自科库501/501自科库 78排1列3层/ [索取号:TV512/L236] | 在馆 |